Idées - La revue des sciences économiques et sociales. No 144 (Record no. 3614)

MARC details
000 -LEADER
fixed length control field 00975nas a2200265 4500
008 - FIXED-LENGTH DATA ELEMENTS--GENERAL INFORMATION
fixed length control field s2006 fr fre u
020 ## - INTERNATIONAL STANDARD BOOK NUMBER
International Standard Book Number 9771636569001
040 ## - CATALOGING SOURCE
Original cataloging agency LB-BrCRDP
082 1# - DEWEY DECIMAL CLASSIFICATION NUMBER
Classification number 070.4
Item number SES
245 10 - TITLE STATEMENT
Title Idées - La revue des sciences économiques et sociales. No 144
Remainder of title Le développement durable
260 ## - PUBLICATION, DISTRIBUTION, ETC.
Place of publication, distribution, etc. Paris
Name of publisher, distributor, etc. CNDP
Date of publication, distribution, etc. Juin 2006
300 ## - PHYSICAL DESCRIPTION
Extent 80 p.
Dimensions 30 cm
500 ## - GENERAL NOTE
General note Sommaire.
520 ## - SUMMARY, ETC.
Summary, etc. Le concept de développement durable a connu ces dernières années un succés médiatique foudroyant. Loin de surfer sur cette vague médiatique, le dossier propose une analyse économique rigoureuse du concept et de ses usages.
650 4# - SUBJECT ADDED ENTRY--TOPICAL TERM
Topical term or geographic name entry element Sciences sociales
650 4# - SUBJECT ADDED ENTRY--TOPICAL TERM
Topical term or geographic name entry element Sciences économqiues
650 4# - SUBJECT ADDED ENTRY--TOPICAL TERM
Topical term or geographic name entry element Démocratie
650 4# - SUBJECT ADDED ENTRY--TOPICAL TERM
Topical term or geographic name entry element Esprit critique
650 4# - SUBJECT ADDED ENTRY--TOPICAL TERM
Topical term or geographic name entry element Psychosociologie
650 4# - SUBJECT ADDED ENTRY--TOPICAL TERM
Topical term or geographic name entry element Ecologie
650 4# - SUBJECT ADDED ENTRY--TOPICAL TERM
Topical term or geographic name entry element Autorité
650 4# - SUBJECT ADDED ENTRY--TOPICAL TERM
Topical term or geographic name entry element Développement durable
942 ## - ADDED ENTRY ELEMENTS (KOHA)
Koha item type Continuing Resources
Holdings
Withdrawn status Lost status Source of classification or shelving scheme Damaged status Not for loan Home library Current library Shelving location Date acquired Source of acquisition Cost, normal purchase price Total Checkouts Full call number Barcode Date last seen Copy number Price effective from Koha item type
    Dewey Decimal Classification     مكتبة دار المعلمين و المعلمات - زحلة مكتبة دار المعلمين و المعلمات - زحلة Salle de Lecture 05/04/2009 Amb. de France 9.30   070.4 SES CRZ3890 07/27/2016 1 07/27/2016 Continuing Resources